02850nam a22003254a 4500003000900000005001700009008004100026017001800067040001300085041000800098044000700106082002400113110008600137245004900223260003000272300001100302520197500313650001902288650003202307650002102339650001402360650001302374650001602387650002102403650002302424650002602447651001202473651001102485651002802496BOLpUSFA20260519171546.0 t bo gr 001 | spa|| a4-1-4199-2025 aBOLpUSFA aspa cBO aBO 305.31 bC579exp aCentro de Investigación Social Tecnología Apropiada y Capacitación (CISTAC) aExploraciones cualitativas en masculinidades aLa Paz: bCISTAC, c2025  a154 p. aCISTAC Masculinidades Bolivia presenta los resultados de una investigación cualitativa, descriptiva y exploratoria sobre la gestión de emociones y resolución de conflictos en adolescentes hombres de la Unidad Educativa Centro Integrado Cristo Rey, de la ciudad de La Paz. Este estudio fue desarrollado por las lideresas de la organización Machaq Warmi y el Centro Psicológico Bienestar Jampikuna como parte de la Red boliviana de Trabajo en masculinidades. El estudio abordó la masculinidad hegemónica y sus implicaciones en la resolución de conflictos y la gestión de emociones en estudiantes de cuarto, quinto y sexto de secundaria, mediante un enfoque científico y un diseño descriptivo-exploratorio. Se emplearon técnicas participativas e instrumentos psicométricos para obtener datos confiables. Los hallazgos revelaron problemas en las relaciones interpersonales, asociados con la falta de gestión emocional y estrategias adecuadas para la resolución de conflictos, lo cual se vinculó con la desigualdad y prácticas machistas. Los resultados mostraron un nivel bajo de empatía, responsabilidad social y habilidades para manejar relaciones interpersonales entre los adolescentes hombres. Se observó el predominio de un estilo complaciente y evasivo en la resolución de conflictos, lo que contribuyó a manifestaciones problemáticas como falta de respeto a la autoridad y formas de agresión física y verbal. En respuesta a estos hallazgos, se propone una metodología preventiva para abordar estos problemas, enfocada en el desarrollo de habilidades de gestión emocional entre los adolescentes. Esto representa una medida clave ante los desafíos impuestos por la masculinidad hegemónica. Esta investigación ofrece a profesionales, comunidades y la sociedad civil información importante para generar proyectos, programas y estrategias de intervención dirigidas específicamente a adolescentes hombres.  aMasculinidades aInvestigación cualitativa aEstudio de casos aViolencia aMachismo aPatriarcado aEntretenimiento  aCentros infantiles aDiversidades sexuales aBolivia aLa Paz aCochabamba: Quillacollo